=LDR 00000nam 2200000 4500 =001 INLIS000000000036410 =005 20130612142211 =008 ***********************************Ind** =035 ##$$0010-061300000036410 =041 ##$$a Ind =082 ##$$a 649.1 =090 ##$$a 649.1, Sul t =100 ##$$a Sulaeman, Lis K =245 ##$$a The aviden year, Lis K Sulaeman, Heni Wiradimaja =260 ##$$a 2010 $b [S.l] =300 ##$$a 96 hlm, ilus, 25 cm =650 ##$$a Mengasuh anak =700 ##$$a Wiradimaja, Heni =850 ##$$a NBPNMAT